| 000 | 00524nam a22001697a 4500 | ||
|---|---|---|---|
| 005 | 20141103133210.0 | ||
| 008 | 141103b xxu||||| |||| 00| 0 eng d | ||
| 020 | _a9789810589516 | ||
| 050 |
_aQA 43 _b.Su941 2009 |
||
| 100 | _aSubramanian, Brill. | ||
| 245 |
_aTop score examination practice mathematics : _btopic by topic / |
||
| 260 |
_aSingapore : _bFairfield Book Publishers, _cc2009. |
||
| 300 |
_a225 pages : _billustrations ; _c26 cm. |
||
| 650 | _aMathematics. | ||
| 650 | _aExaminations. | ||
| 942 |
_2lcc _cBK _kFOR |
||
| 999 |
_c276698 _d276698 |
||